Dead by daylight | Name that perk! - Statistics

General Stats
  • This quiz has been taken 132 times
  • The average score is 6 of 10
Answer Stats
Hint Answer % Correct
You see the Auras of dropped Pallets.
Press and hold the Active Ability button for 4 seconds while standing beside a dropped Pallet to reset it to its upright position.
________________ has a cool-down of 100/80/60 seconds.
Any means necessary
94%
Each time you are unhooked or unhook yourself, the Hook breaks and the Killer's Aura is revealed to you for 4/5/6 seconds. A Hook broken by ________ takes 180 seconds to respawn. Breakdown
88%
Each Pallet you break magnifies the wrath of The Entity.
After breaking 4/3/2 Pallets, the next time you are stunned by a Pallet, The Entity will instantly break it.
You still suffer from the Stun penalty.
Spirit fury
81%
You keep a careful eye on objectives when they are slipping away. While repairing Generators, complete 5/4/3 Good or Great Skill Checks to activate ____________ for the remainder of the Trial: Once active, the Auras of any regressing Generators are revealed to you. Rookie spirit
61%
You start the Trial with 1/2/3 Token(s) and gain a Token each time you succeed at a Great Skill Check, up to a maximum of 5 Tokens. Each time another Survivor cooperating with you on the same Generator fails a Skill Check, __________ consumes 1 Token, transforming their Failed Skill Check into Good Skill Check instead. ______________ only applies to normal Skill Checks. Corrective action
60%
Whenever another Survivor is hit with a Basic Attack or Special Attack within 16 metres of you, ____________ activates:
Scratch Marks, Grunts of Pain when injured, and Bleeding are suppressed for the next 6/8/10 seconds.
Self-preservation
59%
Survivors within your Terror Radius suffer from inefficiency: When using an Item, its Depletion rate is increased by 80/90/100%. Overwhelming presence
57%
Instead of snuffing Boon Totems you destroy them. Destroying a Boon Totem this way reveals the Auras of all Survivors that were within its range at that moment for 6/7/8 seconds. Shattered hope
54%
Whenever a Generator is completed, all Windows and Vault locations within 32 metres of it become blocked for all Survivors for the next 20/25/30 seconds. The Auras of the block Vault locations are revealed to you for the duration. Claustrophobia
51%
Whenever a Survivor performs a Healing action while they are inside your Terror Radius, that Survivor suffers from the Blindness and the Exhausted Status Effects.These effects linger for 6/8/10 seconds after the Healing action is interrupted by any means. Septic touch
40%
No matching quizzes found
Score Distribution
Percent of People with Each Score
Percentile by Number Answered
Your Score History
You have not taken this quiz